Pedagogía
Saved in:
| Main Author: | |
|---|---|
| Format: | Book |
| Language: | Spanish |
| Published: |
Buenos Aires
Losada
1966
|
| Edition: | 8a. ed |
| Series: | Biblioteca pedagógica
|
| Subjects: | |
| Tags: |
Add Tag
No Tags, Be the first to tag this record!
|
MARC
| LEADER | 00000nam a2200000 a 4500 | ||
|---|---|---|---|
| 001 | UCY9456 | ||
| 003 | CL-VaPUC | ||
| 008 | 950717e19660000AG |||||||||||||||||spa|d | ||
| 082 | 0 | 4 | |a 370.1 |b LUZ |2 21 |
| 100 | |a Luzuriaga, Lorenzo |e autor |9 599016 | ||
| 245 | 1 | 0 | |a Pedagogía |
| 250 | |a 8a. ed | ||
| 300 | |a 331 p | ||
| 942 | |c BK | ||
| 945 | |d 19950717 00:00:00 |a mfernand | ||
| 260 | |a Buenos Aires |b Losada |c 1966 | ||
| 650 | 0 | |a Filosofía de la educación |9 258384 | |
| 650 | 0 | |a Teoría de la educación |9 309368 | |
| 650 | 0 | |a Enseñanza |9 256457 | |
| 650 | 0 | |a Psicología educacional |9 307830 | |
| 650 | 7 | |a PRINCIPIOS EDUCACIONALES |2 CL-VaPUC |9 341625 | |
| 650 | 0 | |a Educación física |9 240893 | |
| 650 | 0 | |a Educación artística |9 269035 | |
| 650 | 0 | |a Educación moral |9 308319 | |
| 650 | 0 | |a Educación religiosa |9 308312 | |
| 650 | 0 | |a Educación cívica |9 314665 | |
| 650 | 7 | |a EDUCABILIDAD |2 CL-VaPUC |9 341626 | |
| 650 | 0 | |a Métodos de enseñanza |9 270413 | |
| 650 | 0 | |a Planificación de la educación |9 307333 | |
| 650 | 0 | |a Planificación del currículo |9 269599 | |
| 650 | 0 | |a Educación preescolar |9 260381 | |
| 650 | 0 | |a Escuelas |9 308582 | |
| 583 | |a last modification |c 19950717 00:00:00 |k Rodrigo Vera | ||
| 490 | 0 | |a Biblioteca pedagógica | |
| 999 | |c 236546 |d 236544 | ||
| 952 | |0 0 |1 0 |4 0 |6 370_100000000000000_LUZ_1966 |7 0 |8 P |9 244700 |a BIBEDU |b BIBEDU |c BIBEDU_PB |d 2019-11-18 |i 1538349 |o 370.1 LUZ 1966 |p 1538349 |r 2024-01-25 |w 2019-11-18 |y BK |k EDU | ||
| 952 | |0 0 |1 0 |4 0 |6 370_100000000000000_LUZ_1966 |7 0 |8 P |9 244701 |a BIBEDU |b BIBEDU |c BIBEDU_PB |d 2019-11-18 |i 1538357 |o 370.1 LUZ 1966 |p 1538357 |r 2024-01-25 |w 2019-11-18 |y BK |k EDU | ||